=LDR 00000nam 2200000 4500 =001 INLIS000000000040056 =005 20130612145638 =008 ***********************************Ind** =035 ##$$0010-061300000040056 =041 ##$$a Ind =082 ##$$a 613.8 =090 ##$$a 613.8, Nai a.5 =100 ##$$a DR. R.A. Nainggolan =245 ##$$a Anda Mau Berhenti Merokok? Pasti Berhasil =850 ##$$a NBPNMAT